000
00249nam a2200097Ia 4500
001
915230
005
20250826185830.0
008
250824s9999 xx 000 0 und d
245
0
_a
TERK EDİLMİŞ
_c
CAROLINE ADDERSON
260
_b
KIRMIZI KEDİ YAYINLARI
999
_c
915230
_d
915230